Culture Générale - Clic Quiz - La réponse est en emoji par IA #16 - Statistiques

Statistiques générales
  • Ce quiz a été pris 214 fois
  • Le résultat moyen est 20 sur 40
Statistiques - réponses
Hint Réponse % Correct
Omar Sy
93%
Louis de Funès
92%
Jim Carrey
90%
Eminem
90%
Michel Polnareff
89%
Dieudonné
81%
Walt Disney
81%
Booba
79%
Rami Malek
75%
Jason Momoa
75%
Karl Marx
69%
Puff Daddy (P. Diddy)
68%
Stephen Curry
66%
Jürgen Klopp
61%
Kevin Durant
59%
Henry Cavill
57%
Sam Smith
55%
Sergio Marquina, alias le Professeur
52%
Alain Ducasse
50%
Matt Smith (Doctor Who 2010-2014)
47%
Keith Richards
43%
Xavier Niel
43%
Fox Mulder
42%
Magnus Carlsen
42%
Shahrukh Khan
41%
Val Kilmer
39%
Pedro Almodovar
35%
Julian Assange
34%
Jean Calvin
30%
Robert Francis Kennedy Jr.
30%
Jordan Peele
28%
Viswanathan Anand
28%
George Armstrong Custer
27%
Jerry Lewis
25%
Joe Satriani
25%
Jacques Audiard
24%
Mario Draghi
24%
Adam Smith
21%
Julian Casablancas
20%
Billy Corgan
19%
Aucun quiz correspondant
Distribution des résultats
% des personnes avec chaque résultat
Percentile par nombre de réponses
Votre historique - résultats
Vous n’avez pas pris ce quiz